Mạng máy tính
Cuốn sách giới thiệu về mạng máy tính: Về sự hình thành mạng máy tính, phần cứng mạng và phân loại mạng, các mô hình tham chiếu...; Giới thiệu lớp vật lý như truyền số liệu, môi trường tuyền, vệ tinh truyền thông; Tầng liên kết dữ liệu; Lớp con truy cập phương tiện truyền; Lớp mạng....
Đã lưu trong:
| Tác giả chính: | |
|---|---|
| Định dạng: | Sách |
| Năm xuất bản: |
H.
Nxb Hà Nội
1999
|
| Chủ đề: | |
| Tags: |
Thêm thẻ
Không có thẻ, Hãy là người đầu tiên gắn thẻ bản ghi này!
|
| LEADER | 00894nam a2200157 4500 | ||
|---|---|---|---|
| 082 | |a 004.67 |b T100N | ||
| 100 | |a Tanenbaum, Andrews | ||
| 245 | |a Mạng máy tính |c Andrews Tanenbaum; Nguyễn Đình Việt dịch | ||
| 260 | |a H. |b Nxb Hà Nội |c 1999 | ||
| 300 | |a 150tr. |c 21cm. | ||
| 520 | |a Cuốn sách giới thiệu về mạng máy tính: Về sự hình thành mạng máy tính, phần cứng mạng và phân loại mạng, các mô hình tham chiếu...; Giới thiệu lớp vật lý như truyền số liệu, môi trường tuyền, vệ tinh truyền thông; Tầng liên kết dữ liệu; Lớp con truy cập phương tiện truyền; Lớp mạng. | ||
| 653 | |a Mạng máy tính | ||
| 653 | |a Tin học | ||
| 942 | |2 ddc |c SH | ||
| 999 | |c 7446 |d 7446 | ||
| 952 | |0 0 |1 0 |2 ddc |4 0 |6 004_670000000000000_T100N |7 0 |8 000 |9 67775 |a qbu |b qbu |c D2 |d 2015-02-10 |o 004.67 T100N |p 7269.c1 |r 0000-00-00 |w 2015-02-10 |y SH | ||